Score 0/10 Timer 15:00
0 Plays Today
Hint Answer % Correct
2008HALLELUJAH
73.9%
2017PERFECT
47.8%
2010WHEN WE COLLIDE
39.1%
2013SKYSCRAPER
39.1%
2009THE CLIMB
34.8%
2011CANNONBALL
30.4%
2014UPTOWN FUNK
30.4%
2016ROCKABYE
30.4%
2012IMPOSSIBLE
13%
2015LOVE YOURSELF
8.7%
Remove Ads.
Support Sporcle.
Get the best of Sporcle when you Go Orange. This ad-free experience offers more features, more stats, and more fun while also helping to support Sporcle. Thank you for becoming a member.

You're not logged in!

Compare scores with friends on all Sporcle quizzes.
OR
Log In

Show Comments

Extras

Created Dec 16, 2018ReportNominate
Tags:Christmas Quiz, Music Song

Top Quizzes Today


Score Distribution

Your Account Isn't Verified!

In order to create a playlist on Sporcle, you need to verify the email address you used during registration. Go to your Sporcle Settings to finish the process.

Report this User

Report this user for behavior that violates our Community Guidelines.

Details: